[Event "SR 2. liga A 2008/2009"]
[Site "?"]
[Date "2009.02.01"]
[Round "9.8"]
[White "Milanov, Jasen"]
[Black "Syrovy, Ivan"]
[Result "0-1"]
[WhiteElo "1952"]
[BlackElo "2097"]
[PlyCount "124"]
[EventDate "2008.??.??"]
[WhiteTeam "Slovakia"]
[BlackTeam "II"]
[WhiteTeamCountry "SVK"]
[BlackTeamCountry "SVK"]

1. c4 e5 2. Nc3 d6 3. g3 Nf6 4. Bg2 c6 5. e4 Be7 6. Nge2 a6 7. a4 Nbd7 8. O-O
Rb8 9. d3 b6 10. h3 Bb7 11. Be3 a5 12. f4 Nc5 13. Qc2 Na6 14. Rad1 Nb4 15. Qc1
Ba6 16. b3 Nd7 17. d4 Qc7 18. fxe5 dxe5 19. d5 Bb7 20. Qd2 Bc5 21. dxc6 Bxc6
22. Nd5 Qb7 23. Kh2 Nf8 24. Qc3 f6 25. Ng1 Bxe3 26. Qxe3 Ne6 27. Nf3 O-O 28.
Nh4 Nc2 29. Qc3 Ncd4 30. Nf5 Nxf5 31. Rxf5 Nd4 32. Rf2 Bxd5 33. exd5 Qe7 34.
Qe3 Qb4 35. Rb1 Rbe8 36. g4 Qc5 37. Rbf1 Qa3 38. Rb1 Rc8 39. Bf1 Qd6 40. Qe4 g6
41. Kg1 Rc7 42. Qe3 Rg7 43. Re1 Re8 44. Rd2 Ree7 45. c5 Qxc5 46. Rf2 Qd6 47.
Bc4 f5 48. Qg5 Kh8 49. Qe3 f4 50. Qe4 Rgf7 51. Rd2 f3 52. Rf2 Rf4 53. Qd3 Qf6
54. Qd2 e4 55. Re3 h5 56. Bf1 hxg4 57. hxg4 Rxg4+ 58. Kh1 Rh7+ 59. Rh2 Rxh2+
60. Qxh2+ Rh4 61. Bh3 f2 62. Qb8+ Kg7 0-1

[Event "SR 2. liga A 2008/2009"]
[Site "?"]
[Date "2009.02.01"]
[Round "9.8"]
[White "Mosny, Jaroslav"]
[Black "Durovka, Stefan"]
[Result "1-0"]
[WhiteElo "1875"]
[BlackElo "2018"]
[PlyCount "83"]
[EventDate "2008.??.??"]
[WhiteTeam "Slovakia"]
[BlackTeam "II"]
[WhiteTeamCountry "SVK"]
[BlackTeamCountry "SVK"]

1. d4 Nf6 2. Nf3 d5 3. c4 e6 4. e3 Be7 5. Bd3 Nbd7 6. O-O c5 7. Nc3 cxd4 8.
Nxd4 O-O 9. cxd5 exd5 10. b3 Ne5 11. Bb2 Nxd3 12. Qxd3 Re8 13. Nf5 Bxf5 14.
Qxf5 Qc8 15. Qd3 Qe6 16. Nb5 Rec8 17. Rac1 Ne8 18. Rfd1 Rxc1 19. Rxc1 a6 20.
Nc7 Nxc7 21. Rxc7 b5 22. g3 h5 23. Qc2 h4 24. Qc6 Qxc6 25. Rxc6 hxg3 26. hxg3
a5 27. Rb6 b4 28. Rb5 a4 29. Rxd5 axb3 30. axb3 Ra2 31. Bd4 Ra3 32. Rd7 Bg5 33.
f4 Bh6 34. g4 f6 35. g5 fxg5 36. fxg5 Rxb3 37. gxh6 gxh6 38. Rg7+ Kh8 39. Rb7+
Kg8 40. Kf2 Rb1 41. Rg7+ Kh8 42. Rg1+ 1-0

[Event "SR 2. liga A 2008/2009"]
[Site "?"]
[Date "2009.02.01"]
[Round "9.8"]
[White "Skapik, Branislav"]
[Black "Vrba, Michal"]
[Result "1/2-1/2"]
[WhiteElo "1823"]
[BlackElo "1974"]
[PlyCount "53"]
[EventDate "2008.??.??"]
[WhiteTeam "Slovakia"]
[BlackTeam "II"]
[WhiteTeamCountry "SVK"]
[BlackTeamCountry "SVK"]

1. e4 d5 2. exd5 Qxd5 3. Nc3 Qa5 4. Nf3 Nf6 5. d3 c6 6. Bd2 Qc7 7. g3 Bg4 8.
Bg2 e6 9. Bf4 Qa5 10. Qd2 Bxf3 11. Bxf3 Bb4 12. O-O Nd5 13. Bxd5 cxd5 14. a3
Bxc3 15. bxc3 O-O 16. Be5 Nd7 17. Qf4 Nxe5 18. Qxe5 Qa4 19. Rab1 b6 20. Rb3
Rac8 21. f4 Rc5 22. d4 Rb5 23. Rfb1 Rxb3 24. Rxb3 Qd7 25. Kf2 Re8 26. Rb1 f6
27. Qh5 1/2-1/2

[Event "SR 2. liga A 2008/2009"]
[Site "?"]
[Date "2009.02.01"]
[Round "9.8"]
[White "Ujhelyi, Matus"]
[Black "Kollarik, Gorazd"]
[Result "1/2-1/2"]
[WhiteElo "1926"]
[BlackElo "1941"]
[PlyCount "64"]
[EventDate "2008.??.??"]
[WhiteTeam "Slovakia"]
[BlackTeam "II"]
[WhiteTeamCountry "SVK"]
[BlackTeamCountry "SVK"]

1. e4 c5 2. Nf3 Nc6 3. d4 cxd4 4. Nxd4 Nf6 5. Nc3 e5 6. Ndb5 d6 7. Bg5 a6 8.
Na3 b5 9. Nd5 Be7 10. Bxf6 Bxf6 11. c3 O-O 12. Nc2 Be6 13. Nce3 Bg5 14. Be2 Ne7
15. Nxe7+ Qxe7 16. Nd5 Qb7 17. Bf3 Bxd5 18. Qxd5 Qxd5 19. exd5 Rab8 20. O-O f5
21. Be2 Rfc8 22. a4 bxa4 23. Bxa6 Rc5 24. Rxa4 Rxb2 25. c4 Rb8 26. Bb5 Rc7 27.
Ra6 Be7 28. f3 Kf7 29. Rfa1 g6 30. Kf2 Bf8 31. Kg3 Be7 32. Kf2 Bf8 1/2-1/2

[Event "SR 2. liga A 2008/2009"]
[Site "?"]
[Date "2009.02.28"]
[Round "10.1"]
[White "Janos, Martin"]
[Black "Varga, David"]
[Result "0-1"]
[WhiteElo "2210"]
[BlackElo "2270"]
[PlyCount "112"]
[EventDate "2008.??.??"]
[WhiteTeam "Slovakia"]
[BlackTeam "II"]
[WhiteTeamCountry "SVK"]
[BlackTeamCountry "SVK"]

1. e4 e6 2. Nf3 d5 3. Nc3 Nf6 4. Qe2 d4 5. Nb5 c5 6. a4 Nc6 7. e5 Nd5 8. Qe4 f5
9. exf6 Nxf6 10. Qh4 a6 11. Na3 Qc7 12. Bd3 Ne5 13. Nxe5 Qxe5+ 14. Be2 Bd7 15.
d3 b5 16. Bf4 Qf5 17. axb5 axb5 18. O-O Be7 19. Nxb5 Rxa1 20. Rxa1 Bxb5 21.
Ra8+ Kd7 22. Rxh8 Nd5 23. Qh5 Qxh5 24. Bxh5 g6 25. Bd2 gxh5 26. Rxh7 Nf6 27.
Rh8 c4 28. dxc4 Bxc4 29. Bg5 Be2 30. f3 Bd1 31. b4 Bxc2 32. b5 d3 33. Kf1 Ne4
34. Bc1 d2 35. Bxd2 Nxd2+ 36. Ke2 Nb3 37. Rxh5 Nd4+ 38. Kf2 Ba4 39. b6 Bc6 40.
h4 Nf5 41. g3 Bc5+ 42. Kg2 Bxb6 43. Rh7+ Kd6 44. Rf7 Nd4 45. h5 Bxf3+ 46. Rxf3
Nxf3 47. Kxf3 Ke5 48. h6 Kf5 49. g4+ Kg6 50. Ke4 Bc7 51. g5 Bd6 52. Kd4 Bf4 53.
Kc5 Kxg5 54. h7 Be5 55. Kc6 Bh8 56. Kd6 e5 0-1

[Event "SR 2. liga A 2008/2009"]
[Site "?"]
[Date "2009.02.28"]
[Round "10.1"]
[White "Petrik, Stanislav"]
[Black "Sosovicka, Juraj"]
[Result "1-0"]
[WhiteElo "2215"]
[BlackElo "2040"]
[PlyCount "63"]
[EventDate "2008.??.??"]
[WhiteTeam "Slovakia"]
[BlackTeam "II"]
[WhiteTeamCountry "SVK"]
[BlackTeamCountry "SVK"]

1. e4 e5 2. Nf3 Nc6 3. d4 exd4 4. Bc4 Nf6 5. Ng5 Ne5 6. Bb3 h6 7. f4 hxg5 8.
fxe5 Nxe4 9. O-O d5 10. exd6 Qxd6 11. Bxf7+ Kd8 12. g3 Be7 13. Qf3 Nc5 14. Na3
Bd7 15. Nc4 Qh6 16. h4 Bc6 17. Qg4 Bf6 18. Ne5 Bd7 19. Qxd4 Bxe5 20. Qxe5 Qd6
21. Bxg5+ Kc8 22. Qxd6 cxd6 23. Bf4 Bh3 24. Rfd1 Rf8 25. Bh5 Ne4 26. Rd4 Bf5
27. Re1 Nf6 28. Bxd6 Rd8 29. Bf3 Ne8 30. Rc4+ Kd7 31. Ba3 Rac8 32. Re7# 1-0

[Event "SR 2. liga A 2008/2009"]
[Site "?"]
[Date "2009.02.28"]
[Round "10.1"]
[White "Schwarz, Dusan"]
[Black "Rohacek, Miroslav"]
[Result "1/2-1/2"]
[WhiteElo "2338"]
[BlackElo "2215"]
[PlyCount "46"]
[EventDate "2008.??.??"]
[WhiteTeam "Slovakia"]
[BlackTeam "II"]
[WhiteTeamCountry "SVK"]
[BlackTeamCountry "SVK"]

1. d4 d5 2. c4 c6 3. Nf3 Nf6 4. Nc3 a6 5. c5 Nbd7 6. Bf4 Nh5 7. e3 Nxf4 8. exf4
b6 9. b4 Qc7 10. g3 g6 11. h4 Bg7 12. Rc1 Bb7 13. h5 a5 14. a3 axb4 15. axb4
bxc5 16. bxc5 Ra3 17. Ne5 Nxe5 18. fxe5 Qa5 19. Qd2 Bh6 20. Qxh6 Rxc3 21. Rxc3
Qxc3+ 22. Qd2 Qa1+ 23. Qd1 Qc3+ 1/2-1/2

[Event "SR 2. liga A 2008/2009"]
[Site "?"]
[Date "2009.02.28"]
[Round "10.1"]
[White "Seitler, Andrej"]
[Black "Tibensky, Robert"]
[Result "0-1"]
[WhiteElo "2251"]
[BlackElo "2391"]
[PlyCount "74"]
[EventDate "2008.??.??"]
[WhiteTeam "Slovakia"]
[BlackTeam "II"]
[WhiteTeamCountry "SVK"]
[BlackTeamCountry "SVK"]

1. d4 Nf6 2. Nf3 c5 3. c3 e6 4. Bg5 h6 5. Bh4 b6 6. Nbd2 Bb7 7. Qc2 Be7 8. e4
cxd4 9. Nxd4 O-O 10. Bd3 d6 11. O-O Nbd7 12. a4 a6 13. f4 Qc7 14. N2f3 Nc5 15.
Rae1 Nxd3 16. Qxd3 Rac8 17. Bxf6 Bxf6 18. e5 dxe5 19. fxe5 Be7 20. Nd2 Rfd8 21.
Rf4 Rd5 22. Qe2 Bg5 23. Re4 Rc5 24. Rg4 Bxd2 25. Qxd2 Rxe5 26. Rf1 Kh8 27. Qf2
f5 28. Rg6 Qf7 29. Qg3 Re4 30. h4 Rf8 31. h5 Qe7 32. Nf3 Bc6 33. Kh1 Be8 34.
Ne5 f4 35. Rxh6+ gxh6 36. Ng6+ Bxg6 37. Qxg6 Qh7 0-1

[Event "SR 2. liga A 2008/2009"]
[Site "?"]
[Date "2009.02.28"]
[Round "10.1"]
[White "Tepper, Frantisek"]
[Black "Doucha, Ludvik"]
[Result "1-0"]
[WhiteElo "2162"]
[BlackElo "2080"]
[PlyCount "120"]
[EventDate "2008.??.??"]
[WhiteTeam "Slovakia"]
[BlackTeam "II"]
[WhiteTeamCountry "SVK"]
[BlackTeamCountry "SVK"]

1. e4 g6 2. d4 Bg7 3. c4 c5 4. d5 d6 5. Nc3 Nf6 6. Bd3 O-O 7. Nf3 Bg4 8. h3 Bd7
9. O-O Na6 10. Be3 Nc7 11. Qd2 a6 12. e5 Nfe8 13. Bf4 b5 14. b3 b4 15. Ne2 dxe5
16. Bxe5 f6 17. Bg3 Nd6 18. Qe3 Nb7 19. Rad1 Ne8 20. Nf4 Bh6 21. Qe2 Bxf4 22.
Bxf4 Ned6 23. Bb1 a5 24. Rfe1 Rf7 25. g4 a4 26. Rd3 axb3 27. axb3 Ra1 28. Re3
Nc8 29. Kh2 Ra6 30. Bg3 Nbd6 31. Nd2 Kg7 32. f3 Kg8 33. Ne4 Nxe4 34. fxe4 e6
35. e5 f5 36. Rf1 Ra1 37. gxf5 gxf5 38. Qh5 Qf8 39. Bh4 Ne7 40. Rg3+ Ng6 41.
Bf6 Rxf6 42. exf6 Qxf6 43. Rfg1 Be8 44. Qe2 f4 45. Rf3 Ra6 46. Qf2 e5 47. Qxc5
Kg7 48. Qf2 Kh6 49. Qe2 Nh4 50. Rf2 Bh5 51. Qd3 Bg6 52. Qd2 Ra3 53. Bxg6 hxg6
54. Qd3 g5 55. d6 Nf5 56. c5 Nd4 57. Rb1 Qe6 58. Qe4 Nxb3 59. c6 Qxd6 60. c7
Qxc7 1-0

[Event "SR 2. liga A 2008/2009"]
[Site "?"]
[Date "2009.02.28"]
[Round "10.2"]
[White "Banas, Kamil"]
[Black "Malar, Pavol"]
[Result "1-0"]
[WhiteElo "2256"]
[BlackElo "2090"]
[PlyCount "81"]
[EventDate "2008.??.??"]
[WhiteTeam "Slovakia"]
[BlackTeam "II"]
[WhiteTeamCountry "SVK"]
[BlackTeamCountry "SVK"]

1. e4 e6 2. d4 d5 3. exd5 exd5 4. c4 c6 5. Nc3 Nf6 6. Nf3 Be7 7. Be2 O-O 8. h3
Nbd7 9. O-O dxc4 10. Bxc4 Nb6 11. Bb3 Nbd5 12. Bg5 Be6 13. Re1 h6 14. Bh4 Nc7
15. Bc2 Ncd5 16. a3 Re8 17. Qd3 Nf4 18. Qd2 N6d5 19. Bg3 Bd6 20. Ne5 Qg5 21.
Ne4 Nxh3+ 22. gxh3 Qxd2 23. Nxd2 Bxh3 24. Ne4 Bc7 25. Bb3 Bb6 26. Rad1 Rad8 27.
Bh4 f6 28. Bxf6 gxf6 29. Nxf6+ Kg7 30. Nxe8+ Rxe8 31. Kh2 Bf5 32. Rg1+ Kh7 33.
Rd2 Nf6 34. f3 Bxd4 35. Rxd4 Rxe5 36. Rd6 Re2+ 37. Kh1 Ng4 38. Rg3 Rxb2 39.
fxg4 Be4+ 40. Kg1 Rb1+ 41. Rd1 1-0

[Event "SR 2. liga A 2008/2009"]
[Site "?"]
[Date "2009.02.28"]
[Round "10.2"]
[White "Hrivnak, Martin"]
[Black "Pacher, Milan"]
[Result "1/2-1/2"]
[WhiteElo "2169"]
[BlackElo "2357"]
[PlyCount "103"]
[EventDate "2008.??.??"]
[WhiteTeam "Slovakia"]
[BlackTeam "II"]
[WhiteTeamCountry "SVK"]
[BlackTeamCountry "SVK"]

1. Nf3 Nf6 2. c4 e6 3. g3 d5 4. Bg2 Be7 5. O-O O-O 6. d4 c6 7. Nc3 b6 8. Ne5
Nbd7 9. Nxd7 Nxd7 10. cxd5 cxd5 11. a3 Nf6 12. Bf4 Qd7 13. Qd3 a5 14. Rfc1 Ba6
15. Qd1 Rfc8 16. Bf1 Ne8 17. Na4 Bd8 18. Rxc8 Rxc8 19. Rc1 Rxc1 20. Bxc1 Nd6
21. b3 Qc6 22. Bb2 Ne4 23. Qc1 Qxc1 24. Bxc1 Bb5 25. e3 Bxa4 26. bxa4 Nc3 27.
Bb2 Ne4 28. Bd3 f5 29. Kf1 Kf7 30. Ke2 g5 31. Bxe4 dxe4 32. f3 h5 33. f4 gxf4
34. gxf4 Ke7 35. Kd2 Kd6 36. Kc2 Kd5 37. Kb3 Bh4 38. Bc3 Bf2 39. Bd2 Bg1 40. h3
Bf2 41. Kc3 Bg3 42. Kb3 Bh4 43. Bc3 Be7 44. Be1 Bd8 45. Bf2 Bf6 46. Kc3 Kc6 47.
Kb3 Bd8 48. Be1 Be7 49. Bf2 Kd5 50. Be1 Bd6 51. Bf2 Be7 52. Be1 1/2-1/2

[Event "SR 2. liga A 2008/2009"]
[Site "?"]
[Date "2009.02.28"]
[Round "10.2"]
[White "Maslik, Miroslav"]
[Black "Kundrik, Peter"]
[Result "1-0"]
[WhiteElo "2328"]
[BlackElo "2228"]
[PlyCount "155"]
[EventDate "2008.??.??"]
[WhiteTeam "Slovakia"]
[BlackTeam "II"]
[WhiteTeamCountry "SVK"]
[BlackTeamCountry "SVK"]

1. d4 Nf6 2. c4 g6 3. Nc3 Bg7 4. e4 d6 5. Nf3 O-O 6. Be2 e5 7. O-O Nbd7 8. Be3
a5 9. dxe5 dxe5 10. Ne1 Re8 11. Qc2 c6 12. Rd1 Qc7 13. Na4 b6 14. c5 bxc5 15.
Nxc5 Nxc5 16. Bxc5 Be6 17. Bc4 Bxc4 18. Qxc4 Red8 19. Nc2 Nd7 20. Be7 Re8 21.
Bd6 Qb7 22. b3 Nb6 23. Qc5 Rad8 24. Ne3 a4 25. Qb4 Qa6 26. Bc7 Rxd1 27. Rxd1
Na8 28. Bd8 axb3 29. Qxb3 Qc8 30. Qd3 Nc7 31. Bxc7 Qxc7 32. Nc4 Ra8 33. g3 Bf8
34. Qd7 Qxd7 35. Rxd7 f6 36. Rd2 Bc5 37. Kf1 Bd4 38. Ke2 Kf7 39. Kd3 Ke6 40. f4
Bc5 41. Ke2 Bd4 42. g4 f5 43. fxe5 Bxe5 44. Nxe5 Kxe5 45. exf5 gxf5 46. gxf5
Kxf5 47. Kd3 Ke5 48. Kc4 Ra5 49. Kb4 Rb5+ 50. Kc3 Ra5 51. Kc4 Ke6 52. Kb4 Rb5+
53. Kc3 Ra5 54. Kb2 Rb5+ 55. Ka1 Ra5 56. Rd3 Ra7 57. Kb2 Ke5 58. Kb3 Rb7+ 59.
Kc3 Ra7 60. Kb3 Rb7+ 61. Kc2 Ra7 62. a3 Ra5 63. Kb3 Rb5+ 64. Kc4 Ra5 65. Rh3
Ke4 66. Rh4+ Ke3 67. Rxh7 Ke4 68. Rh4+ Ke3 69. Kb4 Rb5+ 70. Kc3 Ra5 71. a4 Rg5
72. Kb4 Kd3 73. Rc4 Rg6 74. a5 Rh6 75. h4 Ke3 76. a6 Rh7 77. Kc5 Kd3 78. Rb4
1-0

[Event "SR 2. liga A 2008/2009"]
[Site "?"]
[Date "2009.02.28"]
[Round "10.2"]
[White "Pagerka, Martin"]
[Black "Biro, Karol"]
[Result "0-1"]
[WhiteElo "1998"]
[BlackElo "2186"]
[PlyCount "150"]
[EventDate "2008.??.??"]
[WhiteTeam "Slovakia"]
[BlackTeam "II"]
[WhiteTeamCountry "SVK"]
[BlackTeamCountry "SVK"]

1. e4 e6 2. d4 d5 3. Nc3 dxe4 4. Nxe4 Nd7 5. Nf3 Ngf6 6. Nxf6+ gxf6 7. Bf4 Nb6
8. a3 Bd7 9. Be2 Bc6 10. c4 Qd7 11. O-O O-O-O 12. c5 Nd5 13. Bg3 Bh6 14. Qc2
Nf4 15. Bxf4 Bxf4 16. b4 Rdg8 17. b5 Bxb5 18. Bxb5 Qxb5 19. d5 Qa6 20. Qe4 Rg4
21. g3 f5 22. Qd4 Rd8 23. h3 Rxd5 24. Qb4 Bd2 25. Qb2 Rg8 26. Nxd2 Qe2 27. c6
b6 28. Rad1 Rd3 29. Kh2 Rdxg3 30. Qd4 Rd3 31. Qf4 Qh5 32. f3 Rgd8 33. Rf2 R3d4
34. Qg3 Qh6 35. f4 e5 36. Qg2 e4 37. Qf1 Qxc6 38. Rc1 Qa4 39. Nc4 f6 40. Rfc2
Kb8 41. Qe2 Rd3 42. Nb2 Qxa3 43. Nxd3 Rxd3 44. Qh5 Rd2+ 45. Rxd2 Qxc1 46. Qe8+
Kb7 47. Qd7 a5 48. Qd5+ Ka7 49. Qd4 h5 50. Qf2 Kb7 51. Rc2 Qd1 52. Rc3 Qd6 53.
Qe3 c5 54. Rc2 Qd4 55. Qg3 c4 56. Qg7+ Kc6 57. Qe7 Kb5 58. Qe6 Kb4 59. Qxf5 a4
60. Qxh5 b5 61. Qe2 e3 62. Kg3 a3 63. Qe1+ Ka4 64. Qc1 f5 65. Rc3 b4 66. Rxc4
Qd2 67. h4 Qxc1 68. Rxc1 b3 69. h5 b2 70. Rc8 b1=Q 71. Ra8+ Kb3 72. Rb8+ Kc2
73. Rc8+ Kd2 74. Rd8+ Ke2 75. h6 Qg1+ 0-1

[Event "SR 2. liga A 2008/2009"]
[Site "?"]
[Date "2009.02.28"]
[Round "10.2"]
[White "Petenyi, Tamas"]
[Black "Machalova, Veronika"]
[Result "0-1"]
[WhiteElo "2251"]
[BlackElo "2187"]
[PlyCount "70"]
[EventDate "2008.??.??"]
[WhiteTeam "Slovakia"]
[BlackTeam "II"]
[WhiteTeamCountry "SVK"]
[BlackTeamCountry "SVK"]

1. e4 c5 2. Nf3 d6 3. d4 cxd4 4. Nxd4 Nf6 5. Nc3 Nc6 6. Bg5 e6 7. Qd2 a6 8.
O-O-O Bd7 9. f4 b5 10. Bxf6 gxf6 11. Nxc6 Bxc6 12. Bd3 Qa5 13. Kb1 b4 14. Ne2
Qc5 15. f5 e5 16. Nc1 a5 17. Nb3 Qa7 18. Qe2 a4 19. Nd2 Qc5 20. Bc4 Rc8 21. b3
a3 22. Nf1 Be7 23. Qh5 Bxe4 24. Qxf7+ Kd8 25. Qg7 Qf2 26. Nd2 Qd4 27. Qxh8+ Kc7
28. Qxc8+ Kxc8 29. Be6+ Kb8 30. Nc4 Qc3 31. Rd2 Bf8 32. Rhd1 Bh6 33. Re2 Be3
34. Rxd6 Bxc2+ 35. Rxc2 Qe1+ 0-1

[Event "SR 2. liga A 2008/2009"]
[Site "?"]
[Date "2009.02.28"]
[Round "10.2"]
[White "Stetina, Erik"]
[Black "Fabry, Robert"]
[Result "0-1"]
[WhiteElo "2043"]
[BlackElo "2185"]
[PlyCount "80"]
[EventDate "2008.??.??"]
[WhiteTeam "Slovakia"]
[BlackTeam "II"]
[WhiteTeamCountry "SVK"]
[BlackTeamCountry "SVK"]

1. e4 e5 2. Nf3 Nc6 3. Bb5 a6 4. Ba4 Nf6 5. O-O Be7 6. Re1 b5 7. Bb3 O-O 8. c3
d5 9. exd5 Nxd5 10. Nxe5 Nxe5 11. Rxe5 c6 12. d4 Bd6 13. Re1 Qh4 14. g3 Qh3 15.
Qf3 Bg4 16. Qg2 Qh5 17. Qf1 Rae8 18. Be3 f5 19. f4 Re6 20. Nd2 Rfe8 21. Qf2
R8e7 22. a3 h6 23. Nf1 Bh3 24. Bxd5 cxd5 25. Re2 Bg4 26. Rc2 Kh7 27. Re1 Bd1
28. Rc1 Bf3 29. Nd2 Bg4 30. Nf1 Bh3 31. Rc2 g5 32. fxg5 hxg5 33. Qd2 Bxf1 34.
Kxf1 Qf3+ 35. Qf2 Rxe3 36. Rxe3 Rxe3 37. Qxf3 Rxf3+ 38. Ke2 g4 39. Rc1 Kg6 40.
Rg1 Kg5 0-1

[Event "SR 2. liga A 2008/2009"]
[Site "?"]
[Date "2009.02.28"]
[Round "10.3"]
[White "Godula, Martin"]
[Black "Hartl, Jan"]
[Result "0-1"]
[WhiteElo "2192"]
[BlackElo "2161"]
[PlyCount "116"]
[EventDate "2008.??.??"]
[WhiteTeam "Slovakia"]
[BlackTeam "II"]
[WhiteTeamCountry "SVK"]
[BlackTeamCountry "SVK"]

1. e4 e5 2. Nf3 Nc6 3. Bb5 a6 4. Ba4 Nf6 5. d3 b5 6. Bb3 Be7 7. O-O d6 8. c3
O-O 9. Re1 Na5 10. Bc2 c5 11. Nbd2 Nc6 12. Nf1 Qc7 13. Ng3 d5 14. exd5 Nxd5 15.
Bb3 Be6 16. Qe2 f6 17. d4 Bd6 18. Ne4 c4 19. Bc2 Be7 20. dxe5 Nxe5 21. Nd4 Bf7
22. Be3 Rfe8 23. Rad1 Rad8 24. Qf1 Ng4 25. Ng3 h5 26. Bc1 h4 27. Bf5 Ne5 28.
Ne4 Bf8 29. g3 Nd3 30. Rxd3 cxd3 31. Qxd3 Ne7 32. Bh3 Ng6 33. f4 Bc5 34. Rd1
Bb6 35. Bg2 Nf8 36. f5 Nd7 37. gxh4 Ne5 38. Qg3 Kf8 39. b3 b4 40. Kh1 Bxd4 41.
cxd4 Rxd4 42. Re1 Rd3 43. Qf4 Red8 44. Nf2 R3d4 45. Qg3 Qc2 46. Be3 R4d7 47.
Rc1 Qxc1+ 48. Bxc1 Rd1+ 49. Nxd1 Rxd1+ 50. Bf1 Rxf1+ 51. Kg2 Rxc1 52. Kf2 Rc2+
53. Kf1 Bh5 54. Qe3 Be2+ 55. Kg2 Bf3+ 56. Kf1 Kg8 57. Qb6 Kh7 58. h5 Nd3 0-1

[Event "SR 2. liga A 2008/2009"]
[Site "?"]
[Date "2009.02.28"]
[Round "10.3"]
[White "Janos, Jozef"]
[Black "Arendas, Marek"]
[Result "1-0"]
[WhiteElo "2244"]
[BlackElo "2109"]
[PlyCount "41"]
[EventDate "2008.??.??"]
[WhiteTeam "Slovakia"]
[BlackTeam "II"]
[WhiteTeamCountry "SVK"]
[BlackTeamCountry "SVK"]

1. d4 d5 2. Nf3 Nf6 3. c4 c6 4. Nc3 e6 5. Bg5 Nbd7 6. e3 dxc4 7. Bxc4 b5 8. Bd3
a6 9. e4 h6 10. Bh4 g5 11. Bg3 Nh5 12. O-O Nxg3 13. hxg3 c5 14. d5 Nb6 15. Ne5
Qc7 16. Ng4 Be7 17. Qf3 Nd7 18. dxe6 fxe6 19. e5 Bb7 20. Bg6+ Kd8 21. Qf7 1-0

[Event "SR 2. liga A 2008/2009"]
[Site "?"]
[Date "2009.02.28"]
[Round "10.3"]
[White "Kleman, Miroslav"]
[Black "Lauf, Pavol"]
[Result "1/2-1/2"]
[WhiteElo "2204"]
[BlackElo "2152"]
[PlyCount "56"]
[EventDate "2008.??.??"]
[WhiteTeam "Slovakia"]
[BlackTeam "II"]
[WhiteTeamCountry "SVK"]
[BlackTeamCountry "SVK"]

1. Nf3 d5 2. c4 c6 3. d4 Nf6 4. Nc3 e6 5. Qd3 Nbd7 6. e4 dxe4 7. Nxe4 Nxe4 8.
Qxe4 Nf6 9. Qc2 Bb4+ 10. Bd2 Bxd2+ 11. Qxd2 c5 12. dxc5 Qc7 13. O-O-O O-O 14.
Qd4 Qa5 15. Kb1 Bd7 16. Bd3 Rfd8 17. Qe5 Rac8 18. c6 Qxe5 19. Nxe5 Bxc6 20.
Nxc6 bxc6 21. f3 c5 22. Kc2 Kf8 23. Kc3 Ke7 24. g4 Rd6 25. Bc2 Rcd8 26. Rxd6
Rxd6 27. a3 a5 28. h4 h5 1/2-1/2

[Event "SR 2. liga A 2008/2009"]
[Site "?"]
[Date "2009.02.28"]
[Round "10.3"]
[White "Krajcovic, Branislav"]
[Black "Mydlarik, Martin"]
[Result "0-1"]
[WhiteElo "2070"]
[BlackElo "2124"]
[PlyCount "80"]
[EventDate "2008.??.??"]
[WhiteTeam "Slovakia"]
[BlackTeam "II"]
[WhiteTeamCountry "SVK"]
[BlackTeamCountry "SVK"]

1. e4 d5 2. Nc3 e6 3. d4 Bb4 4. e5 c5 5. a3 Bxc3+ 6. bxc3 Ne7 7. a4 Qc7 8. Nf3
Nbc6 9. Bb5 Bd7 10. O-O Na5 11. Ba3 Bxb5 12. axb5 b6 13. dxc5 bxc5 14. Bxc5
Qxc5 15. Rxa5 Nc6 16. Ra6 Qxb5 17. Qa1 O-O 18. Rb1 Qc5 19. Qa4 Rac8 20. Rb3 h6
21. h3 Rfd8 22. Ra3 d4 23. c4 Nxe5 24. Nxe5 Qxe5 25. Rxa7 Qe2 26. Qa6 Qxc4 27.
Qb7 e5 28. Rf3 Rf8 29. Qe7 Rce8 30. Qh4 Qxc2 31. Rg3 Re6 32. Re7 Rxe7 33. Qxe7
Qc1+ 34. Kh2 Qf4 35. f3 d3 36. Qd6 d2 37. h4 Rc8 38. Kh3 Rc1 39. Qd8+ Kh7 40.
Qd3+ e4 0-1

[Event "SR 2. liga A 2008/2009"]
[Site "?"]
[Date "2009.02.28"]
[Round "10.3"]
[White "Machalova, Erika"]
[Black "Csiba, Dominik"]
[Result "0-1"]
[WhiteElo "2142"]
[BlackElo "2169"]
[PlyCount "154"]
[EventDate "2008.??.??"]
[WhiteTeam "Slovakia"]
[BlackTeam "II"]
[WhiteTeamCountry "SVK"]
[BlackTeamCountry "SVK"]

1. d4 Nf6 2. c4 g6 3. Nc3 Bg7 4. e4 d6 5. f3 O-O 6. Be3 a6 7. Qd2 Nbd7 8. Bh6
c5 9. d5 b5 10. Bxg7 Kxg7 11. cxb5 Qa5 12. bxa6 Bxa6 13. Bxa6 Qxa6 14. f4 Nb6
15. b3 Rad8 16. Nge2 e6 17. Rd1 Rfe8 18. Qd3 Qa5 19. Rd2 exd5 20. exd5 Re7 21.
O-O Rde8 22. Rf2 Re3 23. Qc2 Qa6 24. Qb2 Rd3 25. f5 Re5 26. fxg6 hxg6 27. Rxd3
Qxd3 28. Rf3 Qa6 29. Ng3 Nbxd5 30. Nxd5 Nxd5 31. h4 f6 32. Qf2 Qa5 33. Kh2 f5
34. Qb2 Nf6 35. Rf1 Qb4 36. Kg1 Qxh4 37. Rf3 Kf7 38. Qd2 Ng4 39. Nf1 Qf6 40.
Qa5 Re8 41. Qd2 Qe5 42. Rd3 Ke6 43. a4 Nf6 44. Qc2 Ne4 45. Qc4+ d5 46. Qa6+ Qd6
47. Qb7 Re7 48. Qc8+ Kf7 49. Qh8 Nf6 50. Qh6 c4 51. bxc4 Qc5+ 52. Kh1 dxc4 53.
Rg3 Ng4 54. Qh7+ Kf6 55. Qh8+ Rg7 56. Qd8+ Qe7 57. Qd4+ Ne5 58. Ne3 Kf7 59.
Nxc4 Rh7+ 60. Kg1 Ng4 61. Ne3 Rh4 62. Qc4+ Kg7 63. Qc3+ Kh7 64. Nxg4 fxg4 65.
Qe3 Qd7 66. Qd3 Qxa4 67. Re3 Qa1+ 68. Kf2 Qf6+ 69. Ke2 Rh1 70. Qd7+ Kh6 71.
Qxg4 Qf1+ 72. Kd2 Qc1+ 73. Kd3 Rd1+ 74. Ke4 Qc6+ 75. Ke5 Rd5+ 76. Kf4 Rd4+ 77.
Kg3 Rxg4+ 0-1

[Event "SR 2. liga A 2008/2009"]
[Site "?"]
[Date "2009.02.28"]
[Round "10.3"]
[White "Petrik, Karol"]
[Black "Polasek, Filip"]
[Result "1-0"]
[WhiteElo "2167"]
[BlackElo "2096"]
[PlyCount "71"]
[EventDate "2008.??.??"]
[WhiteTeam "Slovakia"]
[BlackTeam "II"]
[WhiteTeamCountry "SVK"]
[BlackTeamCountry "SVK"]

1. d4 d5 2. Nf3 e6 3. g3 c5 4. Bg2 Nc6 5. O-O Be7 6. dxc5 Bxc5 7. c4 Nge7 8.
Nc3 O-O 9. Qc2 Nd4 10. Nxd4 Bxd4 11. Rd1 Bxc3 12. bxc3 Qc7 13. Ba3 Rd8 14. Bxe7
Qxe7 15. cxd5 exd5 16. Rxd5 Re8 17. Rd4 Be6 18. Rb1 Rab8 19. e3 b6 20. Bd5 Bxd5
21. Rxd5 Rbc8 22. Qd2 g6 23. h4 Rc6 24. Rb3 Rec8 25. h5 gxh5 26. Rxh5 Rc4 27.
Rd5 Qf6 28. Rd4 R4c5 29. Rd6 Qf3 30. Rd8+ Kg7 31. Rxc8 Rh5 32. Qd4+ f6 33. Rc7+
Kg6 34. Qd3+ Rf5 35. Rb2 Kh6 36. Qd7 1-0

[Event "SR 2. liga A 2008/2009"]
[Site "?"]
[Date "2009.02.28"]
[Round "10.4"]
[White "Bukovsky, Milan"]
[Black "Certek, Pavel"]
[Result "1/2-1/2"]
[WhiteElo "2022"]
[BlackElo "2216"]
[PlyCount "156"]
[EventDate "2008.??.??"]
[WhiteTeam "Slovakia"]
[BlackTeam "II"]
[WhiteTeamCountry "SVK"]
[BlackTeamCountry "SVK"]

1. c4 Nf6 2. Nc3 d5 3. cxd5 Nxd5 4. g3 g6 5. Bg2 Nb6 6. d4 Bg7 7. Nf3 O-O 8.
O-O Nc6 9. e3 e5 10. d5 Ne7 11. e4 Bg4 12. Qb3 c6 13. dxc6 Nxc6 14. Bg5 Qd7 15.
Nd5 Nxd5 16. Qxd5 Qxd5 17. exd5 Bxf3 18. Bxf3 Nd4 19. Bg2 f5 20. Be7 Rf7 21. d6
e4 22. Rfd1 Nc6 23. Bg5 Bxb2 24. Rab1 Bf6 25. Bxf6 Rxf6 26. Rxb7 Rd8 27. d7 Kf8
28. Bf1 Ke7 29. Bb5 a5 30. Rc7 Nb4 31. a4 Rb6 32. Rdc1 Nd3 33. R1c3 Ne5 34.
R3c5 Nxd7 35. Bxd7 Rxd7 36. Rxd7+ Kxd7 37. Rxa5 Ke6 38. Ra7 h6 39. a5 Rb1+ 40.
Kg2 Ra1 41. Ra6+ Kf7 42. h4 h5 43. Ra7+ Kf6 44. Ra6+ Kg7 45. Ra7+ Kh6 46. Ra8
Ra3 47. Rh8+ Kg7 48. Ra8 Ra2 49. Kf1 Kh7 50. Ra7+ Kh6 51. Ra8 Ra3 52. Ke2 Ra1
53. Ke3 Ra2 54. Rh8+ Kg7 55. Ra8 Rb2 56. Ra7+ Kh6 57. Ra8 Rc2 58. Rh8+ Kg7 59.
Ra8 Rc3+ 60. Ke2 Rf3 61. Ra7+ Kh6 62. Re7 Ra3 63. Ra7 Ra1 64. Ra8 Ra2+ 65. Ke3
Ra3+ 66. Ke2 Rc3 67. Rh8+ Kg7 68. Ra8 Rc6 69. a6 Rc2+ 70. Ke3 Ra2 71. a7 Kh7
72. Kd4 Kg7 73. Ke3 Ra3+ 74. Ke2 Kh7 75. Kf1 Ra2 76. Ke1 Kg7 77. Kf1 Kh7 78.
Ke1 Kg7 1/2-1/2